Nástin sociálněhospodářské statistiky

Salvato in:
Dettagli Bibliografici
Autore principale: Jílek, Jaroslav
Ente Autore: Vysoká škola ekonomická v Praze. Fakulta informatiky a statistiky
Natura: Libro
Lingua:ceco
Pubblicazione: Praha Oeconomica, Nakladatelství VŠE 2004
Edizione:2. přeprac. vyd.
Soggetti:
Tags: Aggiungi Tag
Nessun Tag, puoi essere il primo ad aggiungerne!!

MARC

LEADER 00000nam$a2200000$$$4500
001 0041231
005 20240223111942.3
020 |a 80-245-0840-0 
041 0 |a cze 
044 |a CZ 
245 1 0 |a Nástin sociálněhospodářské statistiky  |c Jaroslav Jílek a kolektiv 
250 |a 2. přeprac. vyd. 
264 1 |a Praha  |b Oeconomica, Nakladatelství VŠE  |c 2004 
300 |a 265 s. 
610 2 0 |a štatistika 
610 2 0 |a štatistika sociálna 
610 2 0 |a štatistika ekonomická 
610 2 0 |a štatistika obyvateľstva 
610 2 0 |a zisťovanie štatistické 
610 2 0 |a výroba 
610 2 0 |a účtovníctvo národné 
610 2 0 |a štatistika cenová 
610 2 0 |a bankovníctvo 
610 2 0 |a štatistika demografická 
610 2 0 |a výskum štatistický 
610 2 0 |a analýza štatistická 
610 2 0 |a prognózy 
100 1 |a Jílek, Jaroslav 
710 2 |a Vysoká škola ekonomická v Praze. Fakulta informatiky a statistiky